Gli Undici Colori - Statistics

Statistiche generali
  • Questo quiz è stato fatto 23.827 volte
  • Il punteggio medio è 10 su 11
Statistiche sulle risposte
Colore % Corretto
Blu
99%
Rosso
99%
Giallo
98%
Verde
98%
Nero
96%
Bianco
95%
Porpora
95%
Arancione
92%
Rosa
87%
Marrone
79%
Grigio
74%
Nessun quiz corrispondente trovato
Distribuzione punteggi
Percentuale di utenti per punteggio
Percentile per numero di risposta
I tuoi punteggi nel tempo
Non hai fatto questo quiz